000 00384nam a2200133Ia 4500
008 220217s9999||||xx |||||||||||||| ||und||
020 _a3-540-780-77-7
082 _a005.13 HYM
100 _aHyman, Michael Vaddadi, Pani
_92810
245 0 _aMike and phani's essential C++ techniques
260 _aReplika press
_bDelhi
_c1999
300 _b210
650 _aPROGRAMMING LANGUAGE
999 _c170050
_d170050